000 00435cam a2200157ua 4500
020 _a81-204-0552-8
082 _a631.450954
_bSIN/MA
100 _aGarmel, Singh.
_91610
100 _aVenkataraman, C .
_91611
100 _aSastry, G .
_91612
245 _aManual of Soil and Water Conservation Practices /
250 _a5 /
260 _aNew Delhi :
_bOxford & IBH Publishing company ,
_c1999.
300 _a388 ; .
942 _cREF
999 _c3809
_d3809